Statystyki dla top 20 piłkarzy 2017 roku

Kliknij tutaj aby rozwiązać quiz!

Ogólne statystyki

  • Ten quiz został rozwiązany 284 razy
  • Średni wynik to 15 z 20

Statystyki odpowiedzi

miejsceklubpiłkarz% Poprawnych
1FC BarcelonaLeo Messi
100%
2Real MadrytCristiano Ronaldo
99%
3PSGNeymar
95%
7Bayern MonachiumRobert Lewandowski
93%
5TottenhamHarry Kane
91%
6Real MadrytLuka Modric
84%
4Man CityKevin De Bruyne
83%
8PSGKylian Mbappe
83%
11Real MadrytSergio Ramos
79%
15FC BarcelonaLuis Suarez
72%
20Man CitySergio Aguero
71%
10ChelseaEden Hazard
69%
19Real MadrytMarcelo
68%
9Real MadrytToni Kroos
68%
14JuventusPaulo Dybala
65%
18Atletico MadrytAntoine Griezmann
63%
13PSGEdinson Cavani
58%
17ChelseaN'Golo Kante
46%
16JuventusGianluigi Buffon
45%
12Real MadrytIsco
36%

Rozkład punktacji

Percentyl według liczby udzielonych odpowiedzi

Procent ludzi z każdym wynikiem

Twoja historia wyników

Nie rozwiązałeś tego quizu